000 00385nam a2200133Ia 4500
008 151001s9999||||xx |||||||||||||| ||und||
100 _aउदयकांत पाठक
245 _aडाँ.सावपल्ली राधाकृष्णन
250 _a1
260 _bराष्ट्र भाषा
260 _c2001
300 _a160
365 _b18
999 _c978769
_d978766